| 000 | 00686nam a2200157 4500 | ||
|---|---|---|---|
| 999 |
_c1024 _d1024 |
||
| 020 | _a0471310964 | ||
| 050 |
_aHD70 _b.U5B34 |
||
| 100 | _aBand, A. william | ||
| 245 |
_aTouchstones; _cBand, A. william |
||
| 260 |
_aCanada,: _bJohn Wiley & Sons; _c1994. |
||
| 300 |
_axi, 306 p, _bill.; _c24 cm. |
||
| 500 | _aIncludes index. | ||
| 505 | _aThe four keys to creating extraordinary value--- Redesigning business process--- The new enterprise architecture--- The high-involvement workplace--- Partnerships for prosperity--- Transforming through technology--- Strategy alignment--- Mastering change management--- The new spirit of leadership--- | ||
| 650 | _aManagement | ||
| 942 | _cBK | ||